Sám vojak v poli

Odevný závod Makyta v Púchove - krátka história a činnosť v súčasnosti. Export výrobkov do krajín bývalého Sovietskeho zväzu. Presmerovanie exportu do západnej Európy po roku 1989. Výroba poťahov na autosedadlá. Konkurencia Číny. Hospodárska kríza a jej dopady na podnik. Odevná konfekcia ako hlavný...

Ausführliche Beschreibung

Gespeichert in:
Bibliographische Detailangaben
1. Verfasser: Ďurianová, Marta
Format: Buchkapitel
Sprache:Slowakisch
Schlagworte:
Tags: Tag hinzufügen
Keine Tags, Fügen Sie das erste Tag hinzu!

MARC

LEADER 00000naa a2200000 4500
001 0135785
005 20231009104451.6
041 0 |a slo 
044 |a SK 
245 1 0 |a Sám vojak v poli  |c Marta Ďurianová 
520 |a Odevný závod Makyta v Púchove - krátka história a činnosť v súčasnosti. Export výrobkov do krajín bývalého Sovietskeho zväzu. Presmerovanie exportu do západnej Európy po roku 1989. Výroba poťahov na autosedadlá. Konkurencia Číny. Hospodárska kríza a jej dopady na podnik. Odevná konfekcia ako hlavný výrobný program firmy v súčasnosti. 
610 2 0 |a priemysel odevný 
610 2 0 |a firmy 
610 2 0 |a zamestnanosť 
610 2 0 |a kríza hospodárska 
610 2 0 |a tržby 
610 2 0 |a mzdy priemerné 
610 2 0 |a Slovensko 
100 1 |a Ďurianová, Marta